000 00593pab a2200205 454500
008 180718b1999 xxu||||| |||| 00| 0 eng d
100 _aDholaviaa, Ravindra H.
245 _aTrade, technology and wage effects of the economic policy reforms on the Indian private corporate sector
260 _c1999
300 _ap.981-92
362 _aOct-Dec
650 _aTechnology
650 _aTrade
650 _aIndia - Economic policy
650 _aEconomic policy
650 _aEconomic reform
700 _aKapur, Deepak
773 _aIndian Journal of Labour Economics
909 _a43388
999 _c43388
_d43388